BSAVA manual of avian practice /

An essential tool for those in general practice who do not often see birds.

Bibliographic Details
Corporate Author: British Small Animal Veterinary Association
Other Authors: Chitty, John (Veterinarian) (Editor), Monks, Deborah, 1972- (Editor)
Format: eBook
Language:English
Published: [Gloucester] : British Small Animal Veterinary Association, 2018.
Series:BSAVA manual series.
Subjects:
Online Access:Connect to the full text of this electronic book.

MARC

Tag First Indicator Second Indicator Subfields
LEADER 00000cam a2200000Ii 4500
001 in00004537521
005 20190418085058.0
006 m d
007 cr cn ||||||||
008 180511s2018 enka ob 000 0 eng d
019 |a 1035400847 
020 |a 9781910443323  |q (electronic bk.) 
020 |a 1910443328  |q (electronic bk.) 
020 |z 9781905319817 
020 |z 1905319819 
035 |a (OCoLC)on1035390061 
035 |a (OCoLC)1035390061  |z (OCoLC)1035400847 
040 |a N$T  |b eng  |e rda  |e pn  |c N$T  |d YDX  |d EBLCP  |d N$T  |d OCLCF  |d TMV  |d UtOrBLW 
049 |a TMVM 
050 4 |a SF994  |b .B73 2018eb 
060 4 |a SF 994  |b B9152 2018eb 
245 0 0 |a BSAVA manual of avian practice /  |c editors: John Chitty, Deborah Monks. 
246 3 0 |a Manual of avian practice 
246 3 0 |a Avian practice 
246 3 3 |a B.S.A.V.A. manual of avian practice 
246 3 3 |a British Small Animal Veterinary Association manual of avian practice 
264 1 |a [Gloucester] :  |b British Small Animal Veterinary Association,  |c 2018. 
264 4 |c ©2018 
300 |a 1 online resource :  |b illustrations (some color). 
336 |a text  |b txt  |2 rdacontent 
337 |a computer  |b c  |2 rdamedia 
338 |a online resource  |b cr  |2 rdacarrier 
490 1 |a BSAVA manual series 
500 |a Electronic resource. 
500 |a Description based on opening page (viewed Jan 04, 2019). 
500 |a Some electronic versions may not include accompanying materials. 
504 |a Includes bibliographical references. 
505 0 |a Species guide -- Anatomy and physiology -- Husbandry -- Reproduction -- Behaviour -- Nutrition -- The bird-friendly practice -- Reception guide for the general practice -- Handling and transporting birds -- History taking and examination -- Hospitalization and basic critical care -- Sample taking and basic clinical pathology -- Euthanasia : grief and bereavement -- Post-mortem examination -- Basic techniques -- Basic anaesthesia -- Basic surgery -- Basic radiography -- Infectious diseases -- Upper respiratory tract disease -- An approach to the swollen avian eye -- Lower respiratory tract disease -- The sick bird -- Abnormal or loose droppings -- Egg retention -- Cloacal, uterine and rectal prolapse -- Vomiting and regurgitating bird -- The thin bird -- Wing and leg trauma -- Feather loss -- The sick baby bird -- Weakness and seizures. 
520 |a An essential tool for those in general practice who do not often see birds. 
588 0 |a Online resource; title from PDF title page (Ebsco, viewed June 26, 2018). 
650 0 |a Avian medicine  |v Handbooks, manuals, etc. 
650 0 |a Birds  |x Diseases  |v Handbooks, manuals, etc. 
650 2 |a Veterinary Medicine.  |0 https://id.nlm.nih.gov/mesh/D014730 
650 2 |a Bird Diseases.  |0 (DNLM)D001715  |0 https://id.nlm.nih.gov/mesh/D001715 
650 2 |a Birds.  |0 https://id.nlm.nih.gov/mesh/D001717 
655 7 |a Ebooks.  |2 local 
655 7 |a Electronic books.  |2 local 
700 1 |a Chitty, John  |c (Veterinarian),  |e editor.  |0 http://id.loc.gov/authorities/names/nb2005013703 
700 1 |a Monks, Deborah,  |d 1972-  |e editor.  |0 http://id.loc.gov/authorities/names/n2017185986 
710 2 |a British Small Animal Veterinary Association.  |0 http://id.loc.gov/authorities/names/n50052512 
776 0 8 |c Original  |z 1905319819  |z 9781905319817  |w (OCoLC)965346180 
830 0 |a BSAVA manual series.  |0 http://id.loc.gov/authorities/names/nr97000417 
856 4 0 |u http://proxy.library.tamu.edu/login?url=https://www.bsavalibrary.com/content/book/10.22233/9781910443323  |z Connect to the full text of this electronic book.  |t 0 
999 |a MARS 
999 f f |s e9850d4f-0497-3aa0-a088-4be371ef8e64  |i f8fc3405-5ed3-3be1-988a-9c2a359eb754  |t 0 
952 f f |a Texas A&M University  |b College Station  |c Electronic Resources  |d Available Online  |t 0  |e SF 994 B9152 2018eb  |h National Library of Medicine classification 
998 f f |a SF 994 B9152 2018eb  |t 0  |l Available Online